चल खुसरो घर आपने / (Record no. 52844)
[ view plain ]
| 000 -LEADER | |
|---|---|
| fixed length control field | 01106nam a22002657a 4500 |
| 005 - DATE AND TIME OF LATEST TRANSACTION | |
| control field | 20080905121451.0 |
| 008 - FIXED-LENGTH DATA ELEMENTS--GENERAL INFORMATION | |
| fixed length control field | 110608t xxu||||| |||| 00| 0 hin d |
| 010 ## - LCCN (DPL NO) | |
| LC control number | HIN-92904 |
| 020 ## - INTERNATIONAL STANDARD BOOK NUMBER | |
| Terms of availability | 150.00 |
| International Standard Book Number | 9788176752572 |
| 035 ## - SYSTEM CONTROL NUMBER | |
| System control number | HN-65250 |
| 037 ## - SOURCE OF ACQUISITION | |
| Source of stock number/acquisition | DBAD / PUB |
| 040 ## - CATALOGING SOURCE | |
| Original cataloging agency | DPL |
| Language of cataloging | HN |
| 082 ## - DEWEY DECIMAL CLASSIFICATION NUMBER | |
| Classification number | क |
| 100 ## - MAIN ENTRY--PERSONAL NAME | |
| 9 (RLIN) | 28442 |
| Personal name | प्रियंवदा, मनीषा |
| 245 ## - TITLE STATEMENT | |
| Title | चल खुसरो घर आपने / |
| Statement of responsibility, etc | मनीषा प्रियंवदा |
| 260 ## - PUBLICATION, DISTRIBUTION, ETC. (IMPRINT) | |
| Place of publication, distribution, etc | पंचकूला |
| Name of publisher, distributor, etc | आधार प्रकाशन |
| Date of publication, distribution, etc | 2010 |
| 270 ## - ADDRESS | |
| Address | एस.सी.एफ-267,, सेक्टर-16 |
| City | पंचकूला (हरियाणा) |
| Postal code | 134113 |
| Telephone number | 0172- 2566952 |
| Electronic mail address | aadhar_prakashan@yahoo.com |
| 300 ## - PHYSICAL DESCRIPTION | |
| Extent | 108पृ |
| Dimensions | 22सेमी (सजिल्द) |
| 650 ## - SUBJECT ADDED ENTRY--TOPICAL TERM | |
| 9 (RLIN) | 28443 |
| 650 ## - SUBJECT ADDED ENTRY--TOPICAL TERM | |
| 9 (RLIN) | 28455 |
| 700 ## - ADDED ENTRY--PERSONAL NAME | |
| 9 (RLIN) | 28521 |
| 700 ## - ADDED ENTRY--PERSONAL NAME | |
| 9 (RLIN) | 28536 |
| 942 ## - ADDED ENTRY ELEMENTS (KOHA) | |
| Institution code [OBSOLETE] | dpl |
| Item type | Hindi Books |
| Source of classification or shelving scheme | Dewey Decimal Classification |
| Call number suffix | प्रियंव |
| Classification part | क |
| Withdrawn status | Lost status | Source of classification or shelving scheme | Damaged status | Not for loan | Collection code | Home library | Current library | Date acquired | Source of acquisition | Cost, normal purchase price | Total Checkouts | Full call number | Barcode | Date last seen | Copy number | Cost, replacement price | Koha item type |
|---|---|---|---|---|---|---|---|---|---|---|---|---|---|---|---|---|---|
| Dewey Decimal Classification | Not For Loan | Non-fiction | D.B.Act.Division | D.B.Act.Division | 13/06/2011 | DBAD / PUB | 150.00 | कप्रियंव | HN-65250 | 13/06/2011 | 1 | 150.00 | Hindi Books |
